| 000 | 00000nam##2200000za#4500 |
| 001 | 9.680071 |
| 003 | CaOODSP |
| 005 | 20200421163632 |
| 007 | ta |
| 008 | 150407|1997||||xxc||||| f|0| 0 fre|d |
| 020 | |a0-660-95576-8 |
| 040 | |aCaOODSP|bfre |
| 043 | |an-cn--- |
| 086 | 1 |aNH15-171/1997F |
| 110 | 2 |aSociété canadienne d'hypothèques et de logement. |
| 245 | 10|aLes impôts, droits, frais, taxes et coûts de transaction sur les logements neufs / |cpar Greg Lampert et Marc Denhez. |
| 260 | |aOttawa - Ontario : |bSociété canadienne d'hypothèques et de logement |c1997. |
| 300 | |ax, 116p. en pagination multiple. : |bgraphiques, tableaux ; |c28 cm. |
| 500 | |a«Cette étude examines les taxes et les frais qui sont imputés au nouveaux logements dans 26 communautés à l'échelle du Canada.»--Sommaire de direction. |
| 520 | 3 |aCette étude examines les taxes et les frais qui sont imputés au nouveaux logements dans 26 communautés à l'échelle du Canada.--Sommaire de direction |
| 563 | |aReliure à anneaux |
| 590 | |a97-31|b1997-08-01 |
| 691 | 07|aLogement|2gcpds |
| 720 | 1 |aLampert, Greg |
| 720 | 1 |aDenhez, Marc |
| 775 | 08|tLevies, fees, charges, taxes and transaction costs on new housing / |w(CaOODSP)9.646534 |
| 776 | 0#|tLes impôts, droits, frais, taxes et coûts de transaction sur les logements neufs / |w(CaOODSP)9.638429 |
| 986 | |aPF 0247 |